| 000 | 01314nam a2200385 a 4500 | ||
|---|---|---|---|
| 003 | CHAP | ||
| 005 | 20220329143156.0 | ||
| 007 | vf cb om | ||
| 008 | 061023b2003 q 000 0 d | ||
| 010 | _a92918 | ||
| 011 | _a93890 | ||
| 035 | _a104472 | ||
| 040 | _cCHAP | ||
| 090 | _aVC-5 | ||
| 100 | 0 | 0 |
_aBoege, Eckart. _913362 |
| 245 | 1 | 0 |
_aAquí nació la mera mata : 30 años de experiencia del movimiento de campesino a campesino en agroecología (videograbación) : _c/por Eckart Boege, ed. Ernesto Pardo |
| 300 |
_a1 videocasete ( 43 min.) : _bson. ; col. _cFormato VHS |
||
| 590 |
_aBATCH-UPD _b10 _c20130110 _lUCH01 _h0023 |
||
| 590 |
_aBATCH-UPD _b10 _c20130110 _lUCH01 _h0441 |
||
| 590 |
_aBATCH-UPD _b10 _c20130410 _lUCH01 _h0453 |
||
| 590 |
_aBATCH-UPD _b10 _c20130913 _lUCH01 _h1841 |
||
| 590 |
_aCONVERSION _b10 _c20130109 _lUCH01 _h1351 |
||
| 650 | 1 | 4 |
_aAbonos verdes. _9282 |
| 650 | 1 | 4 |
_aAgricultura de temporal. _91999 |
| 650 | 1 | 4 |
_aAgroforestería. _92156 |
| 650 | 1 | 4 |
_aEcología agrícola. _935165 |
| 650 | 1 | 4 |
_aIndios de Guatemala _xAgricultura. _957610 |
| 650 | 1 | 4 |
_aLaderas. _964360 |
| 650 | 1 | 4 |
_aSuelos _xConservación _xGuatemala. _9110298 |
| 700 | 1 |
_aPardo, Ernesto _eed. _985502 |
|
| 901 | _aBK | ||
| 905 | _aLilia | ||
| 942 | _cV | ||
| 949 |
_aVC-5 _bBC _cV _d33724000995296 _eV _i104472 _sb |
||
| 999 |
_c92918 _d92918 |
||